|
|
|
|
| LEADER |
00676nam a22001932a 4500 |
| 001 |
000159830 |
| 003 |
CZ BrMZK |
| 005 |
20020625141209.0 |
| 008 |
010907s1982 xr cze d |
| 040 |
|
|
|a BOA001
|b cze
|c BOA001
|
| 080 |
|
|
|a 78(091)(075.3):377.5:78
|2 MRF
|
| 100 |
1 |
|
|a Bártová, Jindřiška,
|d 1942-
|7 jn19990209031
|4 aut
|
| 245 |
1 |
0 |
|a Dějiny hudby.
|n Díl 2 /
|c Jindra Bártová, Věra Zouharová
|
| 260 |
|
|
|a Brno :
|b Konzervatoř,
|c 1982
|
| 300 |
|
|
|a 65 s.
|
| 700 |
1 |
|
|a Zouharová, Věra,
|d 1928-2015
|7 ola200205293
|4 aut
|
| 910 |
|
|
|a BOA001
|b X2-0856.525,2
|
| 990 |
|
|
|a BK
|
| 996 |
6 |
|
|b 2619936350
|c X2-0856.525,2
|l MZK
|r Sklad / do 24 hodin
|n 12
|w 000159830
|u 000010
|a 1
|e BOA001
|j MZK50
|s P
|